[Event "Herzliya op"]
[Site "Herzliya"]
[Date "2008.09.10"]
[Round "7"]
[White "Ilan, Liad"]
[Black "Magen, Paz"]
[Result "1-0"]
[WhiteElo "2013"]
[BlackElo "2033"]
[PlyCount "131"]
[EventDate "2008.09.02"]
[EventType "swiss"]
[EventRounds "9"]
[EventCountry "ISR"]
[SourceTitle "CBM 126 Extra"]
[Source "ChessBase"]
[SourceDate "2008.11.05"]
[SourceVersion "1"]
[SourceVersionDate "2008.11.05"]
[SourceQuality "1"]

1. e4 c5 2. Nf3 d6 3. d4 cxd4 4. Nxd4 Nf6 5. Nc3 a6 6. Bc4 e6 7. Bb3 Nbd7 8. Qe2 Nc5 9. f4 Be7 10. 0-0 0-0 11. g4 Re8 12. g5 Nfd7 13. h4 Nf8 14. Be3 Bd7 15. Rad1 b5 16. a3 Nxb3 17. cxb3 Qb8 18. b4 Bd8 19. Qf2 Qb7 20. f5 exf5 21. Nxf5 Bxf5 22. Qxf5 Bb6 23. Bxb6 Qxb6+ 24. Kh1 Ra7 25. Nd5 Qc6 26. Rc1 Qd7 27. Qf3 Re5 28. Rg1 Qe6 29. Rg4 a5 30. bxa5 Rxa5 31. Rc7 Ra4 32. Re7 Qxe7 33. Nxe7+ Rxe7 34. Qd3 Rc4 35. b3 Rc5 36. Qxd6 Rec7 37. Rg3 Ne6 38. Rd3 g6 39. Kh2 Kg7 40. Kg3 R7c6 41. Qe7 Rc7 42. Qf6+ Kg8 43. Kg4 Rc1 44. Qf2 R1c5 45. Rd5 Kg7 46. Qb2+ Kg8 47. Qd2 Kg7 48. h5 gxh5+ 49. Kxh5 Kf8 50. Kh6 R5c6 51. Kh5 Ke7 52. Rxb5 Ng7+ 53. Kg4 Ne6 54. a4 Rc2 55. Qb4+ Kd7 56. Rb7 Rxb7 57. Qxb7+ Rc7 58. Qd5+ Kc8 59. a5 Rc5 60. Qd2 Kb7 61. b4 Rc7 62. b5 Nc5 63. Qd5+ Kb8 64. a6 Ka7 65. Qd6 Rc8 66. Kf5 1-0

[Event "Herzliya op"]
[Site "Herzliya"]
[Date "2008.09.09"]
[Round "6"]
[White "Magen, Paz"]
[Black "Ben Porat, Zeev"]
[Result "0-1"]
[WhiteElo "2033"]
[BlackElo "2008"]
[PlyCount "108"]
[EventDate "2008.09.02"]
[EventType "swiss"]
[EventRounds "9"]
[EventCountry "ISR"]
[SourceTitle "CBM 126 Extra"]
[Source "ChessBase"]
[SourceDate "2008.11.05"]
[SourceVersion "1"]
[SourceVersionDate "2008.11.05"]
[SourceQuality "1"]

1. e4 e5 2. Nf3 Nc6 3. Bc4 Nf6 4. d3 Be7 5. Nc3 d6 6. a3 h6 7. h3 Be6 8. Bxe6 fxe6 9. d4 exd4 10. Nxd4 Qd7 11. Be3 0-0-0 12. Nxc6 Qxc6 13. Qd4 a6 14. 0-0 e5 15. Qd3 g5 16. b4 Qd7 17. Rfd1 Nh5 18. Nd5 Nf4 19. Bxf4 gxf4 20. Qf3 Rdg8 21. Rd3 Bd8 22. Kh2 Rg6 23. Rg1 Rhg8 24. Nc3 c6 25. a4 Bb6 26. Nb1 c5 27. bxc5 Bxc5 28. Nc3 R8g7 29. Qe2 Kb8 30. Rf3 Qc6 31. Nd5 Qxa4 32. Rb3 Qd4 33. Rf3 Ba7 34. c3 Qc5 35. Qc2 a5 36. Qe2 Rg3 37. Qf1 Rxf3 38. gxf3 Rxg1 39. Kxg1 a4 40. Qe2 b5 41. Qd2 Kb7 42. Nb4 Bb6 43. Kg2 Ba5 44. Nd5 Bb6 45. Nb4 h5 46. Qc2 Qc4 47. Qd2 Bc5 48. Nd3 a3 49. Nxc5+ Qxc5 50. Kf1 Qc4+ 51. Ke1 Kc6 52. Qc2 a2 53. Qb2 Qa4 54. Qa1 Qc2 0-1

[Event "Herzliya op"]
[Site "Herzliya"]
[Date "2008.09.04"]
[Round "3"]
[White "Magen, Paz"]
[Black "Shimonovich, Yoav"]
[Result "1/2-1/2"]
[WhiteElo "2033"]
[BlackElo "2088"]
[PlyCount "141"]
[EventDate "2008.09.02"]
[EventType "swiss"]
[EventRounds "9"]
[EventCountry "ISR"]
[SourceTitle "CBM 126 Extra"]
[Source "ChessBase"]
[SourceDate "2008.11.05"]
[SourceVersion "1"]
[SourceVersionDate "2008.11.05"]
[SourceQuality "1"]

1. e4 c5 2. Nf3 d6 3. d4 cxd4 4. Nxd4 Nf6 5. Nc3 a6 6. g3 e5 7. Nb3 Nbd7 8. a4 b6 9. Bg2 Bb7 10. 0-0 Be7 11. Qe2 0-0 12. Rd1 Rc8 13. Bg5 h6 14. Bxf6 Nxf6 15. Rd3 Rc7 16. Rad1 Qa8 17. Re3 Rfc8 18. Bh3 Rd8 19. Nd2 b5 20. axb5 axb5 21. Qxb5 Rb8 22. Qa4 Qxa4 23. Nxa4 Rxc2 24. Rb3 Rc7 25. Nc3 Rc6 26. Ra1 Bd8 27. Ra4 Rb6 28. Rxb6 Bxb6 29. Rb4 Bc6 30. Kf1 Kf8 31. Nc4 Bc7 32. Rxb8+ Bxb8 33. Bg2 Ke7 34. b4 Ke6 35. b5 Ba8 36. b6 Bc6 37. Na5 Be8 38. Ke2 g5 39. Bh3+ g4 40. Bg2 h5 41. Kd3 Nd7 42. Nd5 Nc5+ 43. Kc4 Ba4 44. h3 Bd7 45. f3 f5 46. exf5+ Kxf5 47. Ne7+ Kf6 48. Nec6 gxh3 49. Bh1 Na6 50. Kb5 Nc5 51. Kc4 Na6 52. Kb5 Nc7+ 53. bxc7 Bxc7 54. f4 exf4 55. gxf4 Kf5 56. Kc4 Kxf4 57. Kd3 Kg3 58. Nc4 Kh2 59. Bd5 Kg1 60. Nd2 Bf5+ 61. Ke2 Bg4+ 62. Nf3+ Bxf3+ 63. Kxf3 Bb6 64. Kg3 h2 65. Kh4 h1Q+ 66. Bxh1 Kxh1 67. Kxh5 Kg2 68. Kg4 Kf2 69. Kf4 Ke2 70. Ke4 Bc5 71. Kd5 1/2-1/2

[Event "Herzliya op"]
[Site "Herzliya"]
[Date "2008.09.03"]
[Round "2"]
[White "Volman, Horacio"]
[Black "Magen, Paz"]
[Result "1-0"]
[WhiteElo "2175"]
[BlackElo "2033"]
[PlyCount "135"]
[EventDate "2008.09.02"]
[EventType "swiss"]
[EventRounds "9"]
[EventCountry "ISR"]
[SourceTitle "CBM 126 Extra"]
[Source "ChessBase"]
[SourceDate "2008.11.05"]
[SourceVersion "1"]
[SourceVersionDate "2008.11.05"]
[SourceQuality "1"]

1. c4 Nf6 2. Nc3 e6 3. e4 d5 4. e5 d4 5. exf6 dxc3 6. bxc3 Qxf6 7. d4 c6 8. Nf3 h6 9. Bd3 Bd6 10. 0-0 0-0 11. Qe2 Qe7 12. Qe4 f5 13. Qe2 Nd7 14. Re1 Rf6 15. a4 Nf8 16. Ne5 Bxe5 17. Qxe5 Qf7 18. Rb1 Nd7 19. Qe2 b6 20. a5 bxa5 21. Qa2 Nf8 22. Qxa5 Ng6 23. Be2 Qd7 24. g3 f4 25. Bg4 fxg3 26. fxg3 Ne7 27. Ba3 Rg6 28. Bh3 Kh8 29. Qc5 Ng8 30. Re5 Ba6 31. Rb4 Re8 32. Ra4 Rb8 33. Rxa6 Rb1+ 34. Kg2 Qf7 35. Qf8 Rb2+ 36. Kg1 Rb1+ 37. Bf1 Rxf1+ 38. Kg2 Rf2+ 39. Kg1 Qxf8 40. Bxf8 Rxf8 41. Rxa7 Rc8 42. Rc5 Rf6 43. Kg2 Kh7 44. Rd7 Kg6 45. Ra5 Rf7 46. Rd6 Kf6 47. Re5 Re7 48. Rc5 Rec7 49. Re5 Re8 50. Re3 Kf7 51. Kf3 c5 52. d5 exd5 53. cxd5 Rxe3+ 54. Kxe3 Nf6 55. c4 Ng4+ 56. Kf4 Nxh2 57. Ra6 Nf1 58. Ra2 g5+ 59. Kf3 Nxg3 60. Kxg3 Kg6 61. Ra6+ Kh5 62. Rc6 Ra7 63. Rxc5 Ra3+ 64. Kf2 Kg4 65. d6 Rd3 66. Rd5 Rf3+ 67. Ke2 Rf8 68. d7 1-0